| 000 | 00865njm a2200289Ia 4500 | ||
|---|---|---|---|
| 001 | 37613 | ||
| 003 | IT-RoPAU | ||
| 005 | 20220918181133.0 | ||
| 008 | 131025s9999 xx 000 0 und d | ||
| 040 | _aIT-RoPAU | ||
| 040 | _cIT-RoPAU | ||
| 041 | _aITALIANO | ||
| 999 |
_c100776 _d100776 |
||
| 999 | _bn.d. | ||
| 100 |
_aNeroni Giulio _919650 |
||
| 100 |
_eAutore musica _919651 |
||
| 100 |
_gCodice autore musica SPICS: 3221 _919652 |
||
| 245 | _aTu sei la speranza della mia gente (50 diapositive) | ||
| 250 | _a1a ed. | ||
| 260 | _aROMA | ||
| 260 |
_bEDIZIONI PAOLINE _c1980 [1a Ed.:1980 - Ed. Lingua Orig.: 1980] |
||
| 300 | _aDIAPOMONTAGGIO | ||
| 300 | _c (Testo: 16 pag.) | ||
| 500 | _aDiapomontaggio sonorizzato | ||
| 505 | _aPreghiera audiovisiva. Speranza | ||
| 650 |
_aDIDATTICO [DIAPOMONTAGGIO SONORIZZATO] _eCodice MATERIA SPICS: 9971 _919653 |
||
| 942 |
_cDI _2ddc |
||